Statistics for Countries best and worst relations 1937

Click here to take the quiz!

General Stats

  • This quiz has been taken 73 times
  • The average score is 8 of 10

Answer Stats

HintAnswer% Correct
Italy best relationGermany
98%
Poland bestUnited kingdom
98%
Italy worst relationFrance
86%
Germany bestItaly
81%
Yugoslavia worstItaly
81%
Yugoslavia bestRussia
81%
Poland worstRussia
81%
Germany worstPoland
79%
Russia (soviet union ) worstPoland
79%
Russia(soviet union ) bestYugoslavia
48%

Score Distribution

Percentile by Number Answered

Percent of People with Each Score

Your Score History

You have not taken this quiz